| 000 | 01018nam a2200289Ia 4500 | ||
|---|---|---|---|
| 001 | Para_9637 | ||
| 003 | CHAP | ||
| 008 | 220125s2010 xx 000 0 und d | ||
| 010 | _a208312 | ||
| 040 | _cCHAP | ||
| 090 | _aPA TESIS 2258 | ||
| 100 |
_aMárquez Licona, Gillermo _9174636 |
||
| 245 |
_aSensibilidad de Podosphaera Xanthii (Castagne) U. Braun & Shishkoff (Syn. Sphaerotheca Fuliginea (schlecht. : _b Fr.) Poll) a Fungicidas en la Calabaza bajo invernadero / _c Guillermo Márquez Licona |
||
| 260 |
_aChapingo, Méx. : _b el autor |
||
| 300 | _a88h. | ||
| 502 | _aTesis (M.C. en Protección Vegetal) UACh. Departamento Parasitología Agrícola | ||
| 650 |
_aCalabaza _x Enfermedades _917269 |
||
| 650 |
_aHongos fitopatogenos _956132 |
||
| 710 |
_aUACh. Departamento Parasitología Agrícola _9164025 |
||
| 901 | _aPA TESIS 2258 | ||
| 902 | _aM | ||
| 905 | _a5202202010 mx AMN 8000000000spa00 | ||
| 910 | _a2010 | ||
| 942 | _cPARA | ||
| 942 |
_cPARA _d2 |
||
| 999 |
_c208312 _d208312 |
||